| 000 | 00749nam a22002177a 4500 | ||
|---|---|---|---|
| 005 | 20240530110947.0 | ||
| 008 | 221204s2008 au a f b 000 0 eng d | ||
| 017 |
_a2008/10026 _bمصر. دار الكتب |
||
| 020 | _a9774114000 | ||
| 040 |
_aEG-CaGPL _cEG-CaGPL |
||
| 082 | 0 | 4 |
_221 _a613.71 _bم ت |
| 100 | 0 | _aمحمود ابراهيم شحاته | |
| 245 | 1 | 0 |
_aتدريب الجهاز العصبى الذاتى / _cمحمود ابراهيم شحاته |
| 250 | _aط.1 | ||
| 260 |
_aالاسكندرية : _bالمكتبة المصرية، _c2008 |
||
| 300 |
_a187 ص. ؛ _c24 سم. |
||
| 650 | 0 | 7 |
_2qrmak _aالجهاز العصبى |
| 650 | 0 | 7 | _aجسم الانسان |
| 942 |
_2ddc _cBK |
||
| 999 |
_c66932 _d66932 |
||